000 00216nam a22000857a 4500
008 170621b xxu||||| |||| 00| 0 eng d
100 _93600
_aSingh. J
245 _aDictionary of Physics
260 _aNew Delhi
_bA. P. H
_c2010
999 _c6988
_d6988